British Cars by Picture - Statistics

General Stats
  • This quiz has been taken 203 times
    198 since last reset
  • The average score is 43 of 100
Answer Stats
Picture Answer % Correct
Mclaren P1
81%
Mclaren F1
79%
Rolls-Royce Phantom
79%
Aston Martin DB11
77%
Jaguar E-Type
77%
Mini Cooper
77%
Jaguar F-Type
74%
Aston Martin DB9
72%
Aston Martin Vantage
72%
Bentley Continental
72%
Land Rover Discovery
72%
Rolls-Royce Ghost
70%
Ford GT40
67%
Jaguar F-Pace
67%
Land Rover Defender
67%
Aston Martin Valkyrie
65%
Ford Fiesta
65%
Jaguar XJR 575
65%
Lotus Elise Club Racer
65%
Mclaren 720S
65%
Rolls-Royce Cullinan
65%
Ariel Atom
63%
Bentley Bentayga
63%
Ford Focus ST
63%
Jaguar XK
63%
Lotus Exige 410 Sport
63%
Range Rover Evoque
63%
Range Rover Sport SV
63%
Aston Martin DBX
60%
Mclaren Senna
60%
Aston Martin DB12
58%
Aston Martin Vanquish
58%
Vauxhall Astra
58%
Jaguar XJ220
56%
Aston Martin DBS
53%
Ford Puma
53%
Jaguar I-Pace
53%
Range Rover Velar
53%
Rolls-Royce Wraith
53%
Bentley Mulsanne
51%
Lotus Evija
51%
Lotus Evora 400
51%
Aston Martin Vulcan
49%
Jaguar E-Pace
49%
Jaguar XE
49%
Lotus Emira
49%
Lotus Esprit V8
49%
Noble M600
49%
Reliant Robin
49%
Jaguar S-Type
47%
Jaguar XF
47%
Mclaren 570S
44%
Ford Sierra RS Cosworth
42%
Mclaren 765LT
42%
Mclaren W1
42%
Rolls-Royce Dawn
42%
TVR Sagaris
42%
Aston Martin One-77
40%
Rolls-Royce Spectre
40%
TVR Griffith
40%
Austin-Healey
35%
Ford Galaxy
35%
Jensen Interceptor
35%
TVR Cerbera
35%
Ford Capri
33%
Ford RS200
33%
Lotus Eletre
30%
Mclaren 675LT
30%
TVR Tuscan
30%
Jaguar XK120
28%
Lotus Elan
28%
Morris Minor
28%
Caterham Seven
26%
AC Ace
23%
Mclaren 600LT
23%
Vauxhall Corsa
23%
Land Rover Series I
21%
MG MGB
21%
Rolls-Royce Silver Shadow
21%
Rover 75
21%
Ford Escort Mk1
19%
Jaguar XJ6
16%
MG Midget
16%
MG ZR
16%
Morris Marina
16%
Vauxhall Chevette HSR
16%
Rover P5B Coupe
14%
Jaguar Mark II
12%
Morgan Plus Four
12%
Rover 620ti
12%
Ascari KZ1
9%
Bristol Fighter
9%
Jensen Healey
9%
Rover 220 Coupe
9%
Ginetta G60
7%
Gordon-Keeble GT
7%
Jaguar SS 100
7%
TVR S-Series
7%
Bristol 402 Cabriolet
5%
Ginetta Akula
2%
No matching quizzes found
Score Distribution
Percent of People with Each Score
Percentile by Number Answered
Your Score History
You have not taken this quiz since the last reset